NBA Top 10 Non-MVP Season All-Time - Statistics

General Stats
  • This quiz has been taken 751 times
  • The average score is 11 of 16
Answer Stats
Player % Correct
LeBron James
94%
Wilt Chamberlain
93%
Michael Jordan
92%
James Harden
86%
Shaquille O'Neal
85%
Kevin Durant
82%
Jerry West
76%
Dwyane Wade
70%
Karl Malone
69%
Larry Bird
69%
Kareem Abdul-Jabbar
65%
David Robinson
58%
Oscar Robertson
56%
Chris Paul
48%
Tracy McGrady
42%
Grant Hill
16%
No matching quizzes found
Score Distribution
Percent of People with Each Score
Percentile by Number Answered
Your Score History
You have not taken this quiz